<?xml version="1.0" encoding="UTF-8"?>
<marc:record xmlns:marc="http://www.loc.gov/MARC21/slim">
   <marc:leader>00000nam a2200000 a 4500</marc:leader>
   <marc:datafield ind1="1" ind2=" " tag="100">
      <marc:subfield code="a">Steinmetz, Hans-Dieter</marc:subfield>
      <marc:subfield code="4">aut</marc:subfield>
      <marc:subfield code="e">Verfasser/-in</marc:subfield>
   </marc:datafield>
   <marc:datafield ind1=" " ind2=" " tag="653">
      <marc:subfield code="a">May</marc:subfield>
   </marc:datafield>
   <marc:datafield ind1=" " ind2=" " tag="653">
      <marc:subfield code="a">Karl</marc:subfield>
   </marc:datafield>
   <marc:datafield ind1=" " ind2=" " tag="653">
      <marc:subfield code="a">Abenteuer; Fehsenfeld; Gesammelte Werke; Hohenstein-Ernstthal; Indianer; Kara Ben Nemsi; May; Karl; May; Klara; Old Shatterhand</marc:subfield>
   </marc:datafield>
   <marc:datafield ind1=" " ind2=" " tag="653">
      <marc:subfield code="a">Quelle</marc:subfield>
   </marc:datafield>
   <marc:datafield ind1="0" ind2="0" tag="245">
      <marc:subfield code="a">365 Tage Karl May</marc:subfield>
   </marc:datafield>
   <marc:datafield ind1="0" ind2="0" tag="245">
      <marc:subfield code="b">eine biografische Jahresschau</marc:subfield>
   </marc:datafield>
   <marc:datafield ind1="0" ind2="0" tag="245">
      <marc:subfield code="c">Hans-Dieter Steinmetz. [Hrsg. von Lothar und Bernhard Schmid</marc:subfield>
   </marc:datafield>
   <marc:datafield ind1=" " ind2="1" tag="264">
      <marc:subfield code="a">Bamberg</marc:subfield>
      <marc:subfield code="b">Karl-May-Verl.</marc:subfield>
      <marc:subfield code="c">2011</marc:subfield>
   </marc:datafield>
   <marc:datafield ind1="1" ind2=" " tag="490">
      <marc:subfield code="a">Karl May's gesammelte Werke / Karl May</marc:subfield>
      <marc:subfield code="v">Sonderbd.</marc:subfield>
   </marc:datafield>
   <marc:datafield ind1="1" ind2=" " tag="520">
      <marc:subfield code="a">Angaben aus der Verlagsmeldung

365 Tage Karl May : Eine biografische Jahresschau / von Hans-Dieter Steinmetz

Für jeden Tag des Jahres findet sich in diesem Band eine Auswahl aus der großen Fülle der Ereignisse in Karl Mays siebzigjährigem Leben. Die so entstandenen Tagesblätter (jeder Tag komprimiert auf einer Buchseite) fügen sich zu einem immerwährenden Kalender zusammen. Durch die Auswahl wird dem Leser ein möglichst vielseitiger Einblick in Mays Leben geboten.
Die Wochenstruktur wird durch die 52 wöchentlich eingefügten Essays sichtbar. Sie greifen stets ein mit einem Tag der laufenden Woche verbundenes Thema auf, versehen mit einer dazugehörigen Abbildung, und erläutern auch Zusammenhänge zwischen einzelnen Einträgen.
</marc:subfield>
   </marc:datafield>
   <marc:datafield ind1=" " ind2=" " tag="020">
      <marc:subfield code="a">9783780201911</marc:subfield>
      <marc:subfield code="9">9783780201911</marc:subfield>
   </marc:datafield>
   <marc:datafield ind1=" " ind2=" " tag="041">
      <marc:subfield code="a">ger</marc:subfield>
   </marc:datafield>
   <marc:datafield ind1=" " ind2=" " tag="300">
      <marc:subfield code="a">485 S.</marc:subfield>
   </marc:datafield>
</marc:record>
